My Hero Academia Class 1A Quirks - Statistics

General Stats
  • This quiz has been taken 4,652 times
  • The average score is 15 of 20
Answer Stats
Hint Answer % Correct
Tsuyu Asui Frog Form
95%
Ochaco Uraraka Zero Gravity
92%
Mina Ashido Acid
90%
Tenya Iida Engine
83%
Izuku Midoriya One for All
83%
Denki Kaminari Electrification
82%
Mashirao Ojiro Tail
82%
Katsuki Bakugo Explosion
80%
Eijiro Kirishima Hardening
78%
Fumikage Tokoyami Dark Shadow
76%
Momo Yaoyorozu Creation
74%
Hanta Sero Tape
74%
Shoto Todoroki Half Cold Half Hot
73%
Yuga Aoyama Navel Laser
64%
Kyoka Jiro Earphone Jack
61%
Rikido Sato Sugar Rush
61%
Toru Hagakure Transparency
61%
Minoru Mineta Pop Off
60%
Mezo Shoji Dupli-Arms
42%
Koji Koda Animal Voice
40%
No matching quizzes found
Score Distribution
Percent of People with Each Score
Percentile by Number Answered
Your Score History
You have not taken this quiz